000
00570nam a22001457a 4500
020
_a
817992582X
082
_a
200.922
100
_a
Ira Rifkin (editor)
245
_a
75 People who changed the world
260
_a
Ahmedabad
_b
Jaico publishing house
_c
2010
300
_a
277p
942
_c
BK
999
_c
2999
_d
2999